The influence of motivation on students’ achievements when studying MATHCAD; Technology and Psychology for Mathematics Education
| Parent link: | Technology and Psychology for Mathematics Education.— 2019.— [P. 264] |
|---|---|
| Glavni autor: | |
| Autor kompanije: | |
| Daljnji autori: | |
| Sažetak: | Title screen Текст на английском языке |
| Jezik: | engleski |
| Izdano: |
2019
|
| Teme: | |
| Online pristup: | https://www.elibrary.ru/item.asp?id=41828684 https://publications.hse.ru/mirror/pubs/share/direct/328049359 |
| Format: | MixedMaterials Elektronički Poglavlje knjige |
| KOHA link: | https://koha.lib.tpu.ru/cgi-bin/koha/opac-detail.pl?biblionumber=661960 |
MARC
| LEADER | 00000naa0a2200000 4500 | ||
|---|---|---|---|
| 001 | 661960 | ||
| 005 | 20250812100707.0 | ||
| 035 | |a (RuTPU)RU\TPU\network\33052 | ||
| 035 | |a RU\TPU\network\33051 | ||
| 090 | |a 661960 | ||
| 100 | |a 20200324d2019 k||y0engy50 ba | ||
| 101 | 0 | |a eng | |
| 102 | |a RU | ||
| 135 | |a drcn ---uucaa | ||
| 181 | 0 | |a i | |
| 182 | 0 | |a b | |
| 200 | 1 | |a The influence of motivation on students’ achievements when studying MATHCAD |f I. G. Ustinova, E. G. Lazareva | |
| 203 | |a Text |c electronic | ||
| 300 | |a Title screen | ||
| 300 | |a Текст на английском языке | ||
| 463 | |t Technology and Psychology for Mathematics Education |o proceedings of the PME and Yandex Russian Conference, Moscow, March 18-21, 2019 |v [P. 264] |d 2019 | ||
| 610 | 1 | |a электронный ресурс | |
| 610 | 1 | |a труды учёных ТПУ | |
| 610 | 1 | |a MathCAD | |
| 610 | 1 | |a мотивации | |
| 700 | 1 | |a Ustinova |b I. G. |c mathematician |c associate Professor of Tomsk Polytechnic University, candidate of technical Sciences |f 1960- |g Irina Georgievna |3 (RuTPU)RU\TPU\pers\36090 |9 19208 | |
| 701 | 1 | |a Lazareva |b E. G. |g Elena Gennadjevna | |
| 712 | 0 | 2 | |a Национальный исследовательский Томский политехнический университет |b Школа базовой инженерной подготовки |b Отделение математики и информатики |3 (RuTPU)RU\TPU\col\23555 |
| 801 | 2 | |a RU |b 63413507 |c 20200324 |g RCR | |
| 856 | 4 | |u https://www.elibrary.ru/item.asp?id=41828684 | |
| 856 | 4 | |u https://publications.hse.ru/mirror/pubs/share/direct/328049359 | |
| 942 | |c CF | ||